Tennis : pays ayant eu un Top 100 - Statistiques

Statistiques générales
  • Ce quiz a été pris 725 fois
  • Le résultat moyen est 54 sur 77
Statistiques - réponses
Meilleur classement Pays % Correct
1 Espagne
99%
3 France
99%
1 Etats-Unis
98%
1 Russie
95%
1 Suisse
95%
92 Chine
94%
1 Serbie
94%
2 Argentine
93%
1 Australie
93%
3 Canada
93%
4 Japon
93%
1 Suède
93%
1 Brésil
92%
1 Royaume-Uni
92%
1 Allemagne
91%
4 Italie
91%
28 Portugal
90%
2 Norvège
89%
7 Belgique
86%
14 Maroc
86%
4 Mexique
86%
13 Finlande
85%
1 Chili
83%
1 Autriche
82%
9 Danemark
82%
3 Croatie
81%
3 Afrique du Sud
80%
9 Pologne
80%
3 Grèce
79%
16 Inde
78%
3 Pays-Bas
78%
1 République Tchèque
78%
28 Colombie
77%
16 Nouvelle-Zélande
77%
1 Roumanie
76%
6 Slovaquie
76%
42 Tunisie
76%
3 Bulgarie
75%
12 Hongrie
75%
4 Ukraine
75%
65 Irlande
74%
10 Lettonie
74%
43 Slovénie
74%
71 Estonie
73%
50 Lituanie
73%
19 Corée du Sud
72%
34 Egypte
72%
77 Turquie
72%
18 Biélorussie
69%
18 Pérou
69%
19 Uruguay
69%
21 Luxembourg
68%
30 Kazakhstan
66%
74 Venezuela
66%
4 Equateur
62%
9 Paraguay
62%
35 Bolivie
60%
23 Bosnie-Hérzégovine
55%
18 Israel
51%
9 Thailande
51%
39 Moldavie
49%
8 Chypre
46%
16 Géorgie
46%
34 Pakistan
46%
74 Sénégal
45%
38 Arménie
43%
64 Jamaique
42%
55 Costa Rica
40%
59 Ouzbékistan
35%
52 Nigéria
33%
33 Taiwan
33%
62 Philippines
30%
22 Haiti
26%
100 Kenya
26%
43 République Dominicaine
24%
96 Bahamas
20%
22 Zimbabwe
13%
Aucun quiz correspondant
Distribution des résultats
% des personnes avec chaque résultat
Percentile par nombre de réponses
Votre historique - résultats
Vous n’avez pas pris ce quiz